Clash Royale Cards (all as of Nov. 2021) - Statistics

General Stats
  • This quiz has been taken 92 times
    81 since last reset
  • The average score is 82 of 106
Answer Stats
Arena Elixir Cards % Correct
Training Camp 5 Giant
100%
Training Camp 4 Mini P.E.K.K.A.
98%
Goblin Stadium 2 Goblins
96%
P.E.K.K.A.'s Playhouse 7 P.E.K.K.A.
96%
Training Camp 3 Knight
94%
Bone Pit 1 Skeletons
94%
Training Camp 3 Archers
92%
Training Camp 3 Arrows
92%
P.E.K.K.A.'s Playhouse 5 Wizard
92%
Bone Pit 4 Baby Dragon
90%
Electro Valley 4 Electro Wizard
90%
P.E.K.K.A.'s Playhouse 1 Fire Spirit
90%
Frozen Peak 3 Ice Wizard
90%
Builder's Workshop 2 Log
90%
Royal Arena 5 Prince
90%
Spell Valley 2 Zap
90%
Barbarian Bowl 5 Barbarians
88%
Training Camp 4 Fireball
88%
Frozen Peak 1 Ice Spirit
88%
P.E.K.K.A.'s Playhouse 5 Inferno Tower
88%
Royal Arena 7 Mega Knight
88%
Serenity Peak 2 Rage
88%
Royal Arena 6 Royal Giant
88%
Goblin Stadium 2 Spear Goblins
88%
Jungle Arena 3 Goblin Gang
86%
Jungle Arena 6 Goblin Giant
86%
Rascal's Hideout 1 Heal Spirit
86%
Spell Valley 4 Hog Rider
86%
Training Camp 4 Musketeer
86%
Spell Valley 5 Witch
86%
Barbarian Bowl 2 Barbarian Barrel
84%
Royal Arena 4 Dark Prince
84%
Electro Valley 8 Electro Giant
84%
Hog Mountain 8 Golem
84%
Training Camp 3 Minions
84%
Serenity Peak 5 Night Witch
84%
Level 14 Champions 4 Skeleton King
84%
Bone Pit 4 Valkyrie
84%
Level 14 Champions 5 Archer Queen
82%
Barbarian Bowl 3 Cannon
82%
Electro Valley 4 Electro Dragon
82%
P.E.K.K.A.'s Playhouse 6 Giant Skeleton
82%
Barbarian Bowl 3 Goblin Barrel
82%
Jungle Arena 5 Goblin Hut
82%
Frozen Peak 2 Ice Golem
82%
Serenity Peak 4 Lumberjack
82%
Legendary Arena 4 Mother Witch
82%
Bone Pit 3 Skeleton Army
82%
Royal Arena 9 Three Musketeers
82%
Serenity Peak 7 Barbarian Hut
80%
Frozen Peak 4 Freeze
80%
Level 14 Champions 4 Golden Knight
80%
Jungle Arena 4 Inferno Dragon
80%
P.E.K.K.A.'s Playhouse 3 Miner
80%
Hog Mountain 5 Ram Rider
80%
Electro Valley 6 Sparky
80%
Bone Pit 2 Bomber
78%
Electro Valley 1 Electro Spirit
78%
Goblin Stadium 4 Goblin Cage
78%
Frozen Peak 6 Lightning
78%
Spooky Town ? Mirror
78%
Spell Valley 3 Princess
78%
Rascal's Hideout 5 Rascals
78%
Rascal's Hideout 3 Bandit
76%
Builder's Workshop 6 Rocket
76%
Electro Valley 4 Tesla
76%
Bone Pit 3 Tombstone
76%
Jungle Arena 3 Dart Goblin
73%
Hog Mountain 5 Minion Horde
73%
Jungle Arena 4 Poison
73%
Royal Arena 7 Royal Recruits
73%
Legendary Arena 3 Battle Healer
71%
Spooky Town 3 Skeleton Barrel
71%
Hog Mountain 6 Elite Barbarians
71%
Hog Mountain 4 Furnace
71%
Spooky Town 5 Graveyard
71%
Rascal's Hideout 3 Magic Archer
71%
Royal Arena 5 Royal Hogs
71%
Builder's Workshop 5 Balloon
69%
Spooky Town 3 Bomb Tower
69%
Legendary Arena 3 Clone
69%
Builder's Workshop 6 X-Bow
69%
Builder's Workshop 4 Flying Machine
67%
Rascal's Hideout 6 Elixir Collector
65%
Serenity Peak 3 Elixir Golem
65%
Hog Mountain 7 Lava Hound
65%
Spooky Town 3 Royal Ghost
65%
Electro Valley 4 Zappies
65%
Legendary Arena 3 Tornado
63%
Spell Valley 2 Bats
61%
Builder's Workshop 4 Mortar
61%
P.E.K.K.A.'s Playhouse 4 Skeleton Dragons
61%
Spooky Town 3 Earthquake
59%
Serenity Peak 3 Firecracker
59%
Barbarian Bowl 3 Mega Minion
59%
Legendary Arena 4 Royal Delivery
59%
Spell Valley 2 Wall Breakers
59%
Frozen Peak 2 Giant Snowball
57%
Spooky Town 3 Guards
57%
Legendary Arena 3 Fisherman
55%
Legendary Arena 5 Cannon Cart
53%
Barbarian Bowl 4 Battle Ram
51%
Rascal's Hideout 5 Bowler
51%
Serenity Peak 5 Executioner
51%
Rascal's Hideout 4 Goblin Drill
51%
Hog Mountain 4 Hunter
41%
No matching quizzes found
Score Distribution
Percent of People with Each Score
Percentile by Number Answered
Your Score History
You have not taken this quiz since the last reset